UM Logo

Banghay-aralin sa msep V : (Record no. 21467)

MARC details
000 -LEADER
fixed length control field 00600nam a22001457a 4500
005 - DATE AND TIME OF LATEST TRANSACTION
control field 20241221114120.0
008 - FIXED-LENGTH DATA ELEMENTS--GENERAL INFORMATION
fixed length control field 240911b ||||| |||| 00| 0 eng d
050 ## - LIBRARY OF CONGRESS CALL NUMBER
Classification number DPer050 M72 January-March 2018 v. 66 no. 8-10
100 ## - MAIN ENTRY--PERSONAL NAME
Personal name Borallo, Ricardo Perez.
Relator term author.
9 (RLIN) 60608
245 ## - TITLE STATEMENT
Title Banghay-aralin sa msep V :
Remainder of title edukasyong sa pagpapalakas ng katawan /
Statement of responsibility, etc. Ricardo Perez Borallo.
260 ## - PUBLICATION, DISTRIBUTION, ETC. (IMPRINT)
Place of publication, distribution, etc. Philippines;
Name of publisher, distributor, etc. Publishers Association of the Philippines, Inc.,
Date of publication, distribution, etc. October 2019.
300 ## - PHYSICAL DESCRIPTION
Extent Volume 168, pages 194-195,
Other physical details illustration.
700 ## - ADDED ENTRY--PERSONAL NAME
Personal name Borallo, Ricardo Perez.
Relator term author.
9 (RLIN) 60608
942 ## - ADDED ENTRY ELEMENTS (KOHA)
Source of classification or shelving scheme Dewey Decimal Classification
Koha item type Periodicals
Holdings
Withdrawn status Lost status Source of classification or shelving scheme Damaged status Not for loan Collection code Home library Current library Date acquired Total Checkouts Date last seen Price effective from Koha item type Public note
    Dewey Decimal Classification     Periodicals UM Digos College - LIC UM Digos College - LIC 09/11/2024   09/11/2024 09/11/2024 Periodicals Periodical Article